| 000 | 00000nas 2200000za 4500 |
| 001 | 9.501696 |
| 003 | CaOODSP |
| 005 | 20230117103826 |
| 007 | cr ||||||||||| |
| 008 | 150406c20079999onc x m|o||||f0 b0fre|d |
| 040 | |aCaOODSP|bfre |
| 043 | |an-cn--- |
| 086 | 1 |aCC173-3/4F-PDF |
| 130 | 0 |aDocument d'application de la réglementation (Commission canadienne de sûreté nucléaire) |
| 245 | 10|aDocument d'application de la réglementation |h[ressource électronique] / |cCommission canadienne de sûreté nucléaire. |
| 260 | |aOttawa : |bCommission canadienne de sûreté nucléaire, |c[2007?]- |
| 500 | |aPublié aussi en anglais sous le titre : Regulatory document. |
| 710 | 2 |aCommission canadienne de sûreté nucléaire. |
| 775 | 08|tRegulatory document |w(CaOODSP)9.505296 |